| 000 | 01068nam a2200301Ia 4500 | ||
|---|---|---|---|
| 001 | Para_5607 | ||
| 003 | CHAP | ||
| 008 | 220125s2001 xx 000 0 und d | ||
| 010 | _a204074 | ||
| 040 | _cCHAP | ||
| 090 | _aPA TESIS 1578 | ||
| 100 |
_aVega Gutíerrez, Marco Tulio _9118265 |
||
| 245 |
_aBacillus thuringiensis Berliner para el control de larvas de palomilla dorso de diamante Plutella xylostella L. (Lepidoptera : _b Plutellidae) en brocolí / _c por Marco Tulio Vega Gutíerrez |
||
| 260 |
_aChapingo, Méx. : _b el autor |
||
| 300 | _a72 h. | ||
| 502 | _aTesis (Ing. Agr. Esp. en Parasitología Agrícola) -- UACh. Departamento Parasitología Agrícola | ||
| 650 |
_aBacillus thuringiensis _99298 |
||
| 650 |
_aBrocoli _x plagas _915546 |
||
| 650 |
_aPlutella xylostella _989328 |
||
| 710 |
_aUACh. Departamento Parasitología Agrícola _9164025 |
||
| 901 | _aPA TESIS 1578 | ||
| 902 | _aA | ||
| 905 | _a0000002001 an 0000000000 00 | ||
| 910 | _a2001 | ||
| 942 | _cPARA | ||
| 942 |
_cPARA _d1 |
||
| 999 |
_c204074 _d204074 |
||